000 00782nam a2200241Ia 4500
003 OSt
005 20220923225256.0
006 a|||||r|||| 00| 0
007 ta
008 220922b |||||||| |||| 00| 0 hin d
024 _a261,941
037 _cTextual
040 _aARTS
_cARTS
_bhin
041 _2hin
_ahin
082 _aQ4z7, L8
100 _aभिक्षु, शान्ति
245 0 _aबौद्व सिद्वान्त विमर्श
246 _aBaudva sidvānta vimarsha
260 _aदिल्ली
_b दिल्ली विश्वविद्यालय
_c1978
650 _aधर्मशास्त्र
942 _hQ4z7, L8
_cTEXL
_2CC
999 _c377178
_d377178